| 000 | 00498 a2200169 4500 | ||
|---|---|---|---|
| 000 | nam a22 7a 4500 | ||
| 001 | 1910 | ||
| 005 | 20260407134055.0 | ||
| 020 | _a9780262033848 | ||
| 100 | _aThomas H. Cormen, Charles E. Leiserson, Ronald L. Rivest, Clifford Stein | ||
| 110 | _aThomas H. Cormen, Charles E. Leiserson, Ronald L. Rivest, Clifford Stein | ||
| 245 | _aIntroduction to Algorithms | ||
| 250 | _a3rd Edition | ||
| 260 |
_bMIT Press _c2009 |
||
| 264 |
_bMIT Press _c2009 |
||
| 942 | _cBK | ||
| 999 |
_c1910 _d1910 |
||